| 000 | 00764nam a2200241 i 4500 | ||
|---|---|---|---|
| 001 | bg | ||
| 100 | 1 | _aDERESZEWSKA, Alina. | |
| 245 | 1 | 0 |
_aBadanie i ocena jakości wybranych artykułów przemysłowych. _nCz. 1 / _cAlina Dereszewska, Mariola Jastrzębska. |
| 260 |
_aGdynia : _bWydawnictwo Akademii Morskiej, _c2006. |
||
| 300 |
_a100 s. : _brys. ; _c24 cm. |
||
| 504 | _aBibliogr. przy rozdz. | ||
| 650 | 9 |
_aPrzemysł _xwyroby _xjakość _xbadanie |
|
| 650 | 9 |
_aPrzemysł _xwyroby _xtowaroznawstwo |
|
| 655 | _aPodręczniki akademickie | ||
| 700 | 1 | _aJASTRZĘBSKA, Mariola. | |
| 020 | _a8374210613 | ||
| 040 | _cBPK | ||
| 041 | 0 | _apol | |
| 080 | _a66/67.017(075.8) | ||
| 920 | _a83-7421-061-3 | ||
| 942 | _cKS | ||
| 008 | s pl f |000 0 pol | ||
| 999 |
_c53270 _d53270 |
||
| 856 |
_uhttp://koha.tu.koszalin.pl/cgi-bin/koha/opac-detail.pl?biblionumber=53270 _yKatalog online BPK |
||